000
00293nmm a2200097Ia 4500
008
220120s9999||||xx |||||||||||||||||und||
020
_a
81-7808-235-7
100
_a
Digit
245
0
_a
January 2011 : productivity suite for linux, adobe master su
260
_a
Nine dot nine interactive ltd.
_b
Delhi
999
_c
139646
_d
139646